[Event "TCh-FRA Top 12 2017"]
[Site "Chartres FRA"]
[Date "2017.05.21"]
[Round "4.3"]
[Board "7"]
[White "Le Roux, Jean-Pierre"]
[Black "Delorme, Axel"]
[Result "1/2-1/2"]
[WhiteTitle "GM"]
[BlackTitle "IM"]
[WhiteElo "2538"]
[BlackElo "2514"]
[WhiteTeam "BISCHWILLER"]
[BlackTeam "CLICHY Echecs 92"]
[WhiteFideId "609404"]
[BlackFideId "632023"]
[EventDate "2017.05.18"]

1. Nf3 Nf6 2. d4 e6 3. Bf4 b6 4. e3 Be7 5. h3 O-O 6. Nbd2 c5 7. c3 cxd4 8. exd4
d6 9. Be2 Ba6 10. O-O Bxe2 11. Qxe2 Nc6 12. Rfe1 Qd7 13. Rad1 b5 14. Nf1 Nd5 15.
Bd2 Rab8 16. Ne3 Nxe3 17. fxe3 b4 18. c4 d5 19. Rc1 f5 20. Rc2 b3 21. axb3 Rxb3
22. cxd5 Qxd5 23. Rec1 Rb6 24. Qc4 Qe4 25. Qa4 Nb4 26. Rc8 Nd3 27. Rxf8+ Bxf8
28. Rc8 Qb7 29. Qe8 Qf7 30. Bc3 Qxe8 31. Rxe8 Kf7 32. Ra8 Ra6 33. Kf1 Bd6 34.
Ke2 Nxb2 35. Bxb2 Ra2 36. Kd3 Rxb2 37. Rxa7+ Kf6 38. Nd2 Bb4 39. Nc4 Rxg2 40.
Ne5 Be7 41. Nd7+ Kf7 42. Ne5+ Kf6 43. Nc6 Bd6 44. Rd7 Bh2 45. h4 1/2-1/2

[Event "TCh-FRA Top 12 2017"]
[Site "Chartres FRA"]
[Date "2017.05.21"]
[Round "4.4"]
[Board "4"]
[White "Brunner, Nicolas"]
[Black "Le Borgne, Pierre"]
[Result "1/2-1/2"]
[WhiteTitle "IM"]
[WhiteElo "2459"]
[BlackElo "2234"]
[WhiteTeam "VANDOEUVRE Echecs"]
[BlackTeam "Club d' Echecs Lexovien, LISIEUX"]
[WhiteFideId "620246"]
[BlackFideId "624799"]
[EventDate "2017.05.18"]

1. d4 g6 2. c4 Bg7 3. e4 d6 4. Nc3 Nc6 5. Be3 e5 6. d5 Nd4 7. Nge2 Nxe2 8. Bxe2
f5 9. exf5 gxf5 10. f4 Ne7 11. Qd2 Ng6 12. fxe5 Bxe5 13. Bg5 Qd7 14. g3 O-O 15.
Bd3 Bxc3 16. Qxc3 Re8+ 17. Be2 f4 18. Bxf4 Qg4 19. Be3 Qe4 20. Kd2 Bg4 21. Bxg4
Qxg4 22. b3 Re4 23. Rae1 Ne5 24. Kc1 Re8 25. Kb1 1/2-1/2

[Event "TCh-FRA Top 12 2017"]
[Site "Chartres FRA"]
[Date "2017.05.21"]
[Round "4.5"]
[Board "2"]
[White "Kveinys, Aloyzas"]
[Black "Stevic, Hrvoje"]
[Result "1/2-1/2"]
[WhiteTitle "GM"]
[BlackTitle "GM"]
[WhiteElo "2520"]
[BlackElo "2600"]
[WhiteTeam "Les Tours de Haute Picardie, SAINT QUENTIN"]
[BlackTeam "NICE Alekhine"]
[WhiteFideId "12800040"]
[BlackFideId "14502569"]
[EventDate "2017.05.18"]

1. e4 e5 2. Nf3 Nc6 3. Bb5 a6 4. Ba4 d6 5. c3 Bd7 6. O-O g6 7. d4 Bg7 8. d5 Nce7
9. Bxd7+ Qxd7 10. Be3 Nf6 11. Nfd2 Ng4 12. Bg5 f6 13. Bh4 g5 14. Bg3 f5 15. exf5
Nf6 16. c4 Nxf5 17. Nc3 h5 18. h3 g4 19. h4 O-O 20. Re1 Qe7 21. c5 Ne8 22. Qb3
Rb8 23. Nc4 Bf6 24. Rad1 Bxh4 25. Nxe5 Bxg3 26. fxg3 dxe5 27. d6+ Qf7 28. Qxf7+
Kxf7 29. dxc7 Nxc7 30. Rd7+ Ke6 31. Rxc7 Rfc8 32. Rh7 Rh8 33. Rc7 Rhc8 34. Rh7
Rh8 35. Rc7 Rhc8 1/2-1/2

[Event "TCh-FRA Top 12 2017"]
[Site "Chartres FRA"]
[Date "2017.05.21"]
[Round "4.5"]
[Board "3"]
[White "Gharamian, Tigran"]
[Black "Degraeve, Jean-Marc"]
[Result "1/2-1/2"]
[WhiteTitle "GM"]
[BlackTitle "GM"]
[WhiteElo "2626"]
[BlackElo "2592"]
[WhiteTeam "NICE Alekhine"]
[BlackTeam "Les Tours de Haute Picardie, SAINT QUENTIN"]
[WhiteFideId "13301527"]
[BlackFideId "600270"]
[EventDate "2017.05.18"]

1. e4 e5 2. Nf3 Nc6 3. Bb5 Bc5 4. c3 f5 5. d4 fxe4 6. Bxc6 dxc6 7. Nxe5 Bd6 8.
O-O Qh4 9. Qb3 Bxe5 10. dxe5 Ne7 11. Be3 Qh5 12. Nd2 Qxe5 13. Rfe1 Bf5 14. Qxb7
O-O 15. Nc4 Qb5 16. Qxb5 cxb5 17. Na3 a6 18. Bc5 Rfe8 19. Nc2 Nc6 20. Nd4 1/2-1/2

[Event "TCh-FRA Top 12 2017"]
[Site "Chartres FRA"]
[Date "2017.05.21"]
[Round "4.5"]
[Board "5"]
[White "Lagarde, Maxime"]
[Black "Godart, Francois"]
[Result "1/2-1/2"]
[WhiteTitle "GM"]
[BlackTitle "IM"]
[WhiteElo "2601"]
[BlackElo "2404"]
[WhiteTeam "NICE Alekhine"]
[BlackTeam "Les Tours de Haute Picardie, SAINT QUENTIN"]
[WhiteFideId "662399"]
[BlackFideId "208078"]
[EventDate "2017.05.18"]

1. e4 e6 2. d4 d5 3. e5 c5 4. c3 Qb6 5. Nf3 Nc6 6. a3 Nh6 7. Bd3 cxd4 8. cxd4
Bd7 9. Bc2 g5 10. h3 Nf5 11. Bxf5 exf5 12. Bxg5 Qxb2 13. Nbd2 Qb5 14. a4 Qa6 15.
Qe2 Qxe2+ 16. Kxe2 Rg8 17. Nb3 Nd8 18. g3 Ne6 19. Be3 b5 20. a5 b4 21. Kd2 Rc8
22. Rhc1 Rc4 23. Nh4 Ng5 24. Ng2 Nxh3 25. a6 Rg6 26. Ne1 Rxc1 27. Kxc1 Bb5 28.
Ra5 Bc4 29. Nd2 Bh6 30. Nc2 b3 31. Bxh6 Rxh6 32. Ne3 Nxf2 33. Ndxc4 dxc4 34.
Nxc4 Rc6 35. Ra4 Nd3+ 36. Kd2 b2 37. Kc2 f4 38. gxf4 h5 39. Kb1 h4 40. Ra3 Nf2
41. Rf3 Nd1 42. Nd2 Rc1+ 43. Ka2 Rc2 44. Ne4 Rc1 45. Nd2 Ra1+ 46. Kb3 b1=Q+ 47.
Nxb1 Rxb1+ 48. Kc2 Ra1 49. Rh3 Nf2 50. Rxh4 Rxa6 51. f5 Ra5 52. Kc3 Ra3+ 53. Kc4
Rh3 54. Rf4 Nd1 55. Kc5 Rc3+ 56. Kd5 Ne3+ 57. Ke4 Nc4 58. Rh4 Re3+ 59. Kf4 Rd3
60. Ke4 Re3+ 61. Kf4 Re1 62. Rh8+ Kd7 63. Rf8 a5 64. Rxf7+ Kc6 65. f6 Kd5 66.
Rd7+ Kc6 67. Rd8 a4 68. Rc8+ Kd5 69. Kg3 Rf1 70. Rd8+ Ke6 71. Re8+ Kd5 72. Rd8+
Ke6 73. Re8+ Kd5 74. Rd8+ Ke6 1/2-1/2

[Event "TCh-FRA Top 12 2017"]
[Site "Chartres FRA"]
[Date "2017.05.21"]
[Round "4.6"]
[Board "1"]
[White "Baklan, Vladimir"]
[Black "Cornette, Matthieu"]
[Result "1/2-1/2"]
[WhiteTitle "GM"]
[BlackTitle "GM"]
[WhiteElo "2594"]
[BlackElo "2593"]
[WhiteTeam "C.E. STRASBOURG"]
[BlackTeam "C.E. de BOIS COLOMBES"]
[WhiteFideId "14102196"]
[BlackFideId "620084"]
[EventDate "2017.05.18"]

1. e4 c5 2. Nf3 Nc6 3. Bb5 g6 4. O-O Bg7 5. Re1 Nf6 6. Bxc6 dxc6 7. d3 O-O 8.
Bd2 Ne8 9. Bc3 f6 10. a3 a5 11. Nbd2 Nc7 12. Nc4 Nb5 13. Bd2 a4 14. c3 Qxd3 15.
Nb6 Ra6 16. Nxa4 b6 17. b3 Qd8 18. Qe2 Be6 19. c4 Nd4 1/2-1/2

[Event "TCh-FRA Top 12 2017"]
[Site "Chartres FRA"]
[Date "2017.05.21"]
[Round "4.6"]
[Board "3"]
[White "Rozentalis, Eduardas"]
[Black "Laznicka, Viktor"]
[Result "1/2-1/2"]
[WhiteTitle "GM"]
[BlackTitle "GM"]
[WhiteElo "2535"]
[BlackElo "2672"]
[WhiteTeam "C.E. STRASBOURG"]
[BlackTeam "C.E. de BOIS COLOMBES"]
[WhiteFideId "12800023"]
[BlackFideId "316385"]
[EventDate "2017.05.18"]

1. e4 c5 2. Nf3 Nc6 3. Bb5 d6 4. O-O Bd7 5. Re1 Nf6 6. h3 a6 7. Bf1 g5 8. d4 g4
9. d5 gxf3 10. dxc6 Bxc6 11. Qxf3 Nd7 12. Nc3 Bg7 13. Qg3 Be5 14. Bf4 Bxf4 1/2-1/2

[Event "TCh-FRA Top 12 2017"]
[Site "Chartres FRA"]
[Date "2017.05.22"]
[Round "5.1"]
[Board "3"]
[White "Cornette, Matthieu"]
[Black "Gajewski, Grzegorz"]
[Result "1/2-1/2"]
[WhiteTitle "GM"]
[BlackTitle "GM"]
[WhiteElo "2593"]
[BlackElo "2634"]
[WhiteTeam "C.E. de BOIS COLOMBES"]
[BlackTeam "MULHOUSE Philidor"]
[WhiteFideId "620084"]
[BlackFideId "1116207"]
[EventDate "2017.05.18"]

1. d4 Nf6 2. c4 e6 3. g3 Bb4+ 4. Nd2 d5 5. Bg2 O-O 6. Nf3 b6 7. O-O Bb7 8. b3
Re8 9. Bb2 Nbd7 10. Rc1 Bf8 11. Ne5 Nxe5 12. dxe5 Nd7 13. Qc2 c6 14. e4 Rc8 15.
Rfd1 b5 16. cxb5 cxb5 17. Qd3 Rxc1 18. Rxc1 Nc5 19. Qe3 Nxe4 20. Nxe4 dxe4 21.
Bxe4 Bxe4 22. Qxe4 Qd2 23. Rc2 Qd1+ 24. Kg2 Rd8 25. Rc1 Qd5 26. Qxd5 Rxd5 27.
Rc8 b4 28. Kf3 f5 29. Ke3 g5 30. a4 Rd1 31. Rc1 Rd5 32. Bd4 a6 33. Rc6 Kf7 34.
Rxa6 Bc5 35. Bxc5 Rxc5 36. Kd4 Rc3 37. Ra7+ Kg6 38. Re7 Rxb3 39. Rxe6+ Kg7 40.
Re7+ Kg6 41. Re6+ Kg7 42. Rb6 Rf3 43. a5 Rxf2 44. a6 Ra2 45. Kc4 f4 46. gxf4
gxf4 47. Rf6 f3 48. Kxb4 f2 49. Kb5 h5 50. Rf3 Kg6 51. e6 Rb2+ 52. Kc6 Ra2 53.
Kb7 Rb2+ 54. Kc7 Rc2+ 55. Kd7 Rd2+ 56. Ke7 Kg7 57. h4 Ra2 58. Rf7+ Kg8 59. Rf8+
Kg7 60. Rf3 Rxa6 61. Rxf2 Ra7+ 62. Kd6 Ra6+ 63. Ke5 Ra5+ 64. Ke4 Ra4+ 65. Kf5
Ra5+ 66. Kf4 Kf6 67. Re2 Rf5+ 68. Ke4 1/2-1/2

[Event "TCh-FRA Top 12 2017"]
[Site "Chartres FRA"]
[Date "2017.05.22"]
[Round "5.1"]
[Board "6"]
[White "Sokolov, Andrei1"]
[Black "Koziak, Vitali"]
[Result "1/2-1/2"]
[WhiteTitle "GM"]
[BlackTitle "IM"]
[WhiteElo "2505"]
[BlackElo "2507"]
[WhiteTeam "MULHOUSE Philidor"]
[BlackTeam "C.E. de BOIS COLOMBES"]
[WhiteFideId "627089"]
[BlackFideId "14102234"]
[EventDate "2017.05.18"]

1. e4 e5 2. Nf3 Nc6 3. Bb5 a6 4. Ba4 Nf6 5. O-O Be7 6. d3 b5 7. Bb3 O-O 8. a4
Bb7 9. axb5 axb5 10. Rxa8 Qxa8 11. Bg5 h6 12. Bh4 d6 13. Nc3 1/2-1/2

[Event "TCh-FRA Top 12 2017"]
[Site "Chartres FRA"]
[Date "2017.05.22"]
[Round "5.2"]
[Board "1"]
[White "Wojtaszek, Radoslaw"]
[Black "Baklan, Vladimir"]
[Result "1/2-1/2"]
[WhiteTitle "GM"]
[BlackTitle "GM"]
[WhiteElo "2734"]
[BlackElo "2594"]
[WhiteTeam "CLICHY Echecs 92"]
[BlackTeam "C.E. STRASBOURG"]
[WhiteFideId "1118358"]
[BlackFideId "14102196"]
[EventDate "2017.05.18"]

1. d4 Nf6 2. c4 g6 3. Nc3 Bg7 4. e4 d6 5. Nf3 O-O 6. Be2 e5 7. O-O c6 8. Qc2
exd4 9. Nxd4 Nbd7 10. Be3 Re8 11. Rad1 Qe7 12. f3 a6 13. Bf2 Ne5 14. Qd2 b5 15.
Nc2 Be6 16. Qxd6 Qxd6 17. Rxd6 Nh5 18. cxb5 axb5 19. Be3 Bf8 20. Rd2 b4 21. Nd1
Nc4 22. Bxc4 Bxc4 23. Re1 Rxa2 24. g4 Ng7 25. Bh6 f6 26. Nce3 Bf7 27. Nf2 b3 28.
Nd3 Rd8 29. Rc1 Ne6 30. Bxf8 Kxf8 31. Rcd1 Nd4 32. Kf2 Nc2 33. Ke2 Nd4+ 34. Kf2
Nc2 35. Ke2 Nd4+ 1/2-1/2

[Event "TCh-FRA Top 12 2017"]
[Site "Chartres FRA"]
[Date "2017.05.22"]
[Round "5.2"]
[Board "5"]
[White "Fressinet, Laurent"]
[Black "Heinz, Timothee"]
[Result "1/2-1/2"]
[WhiteTitle "GM"]
[BlackTitle "FM"]
[WhiteElo "2668"]
[BlackElo "2353"]
[WhiteTeam "CLICHY Echecs 92"]
[BlackTeam "C.E. STRASBOURG"]
[WhiteFideId "608742"]
[BlackFideId "623369"]
[EventDate "2017.05.18"]

1. Nf3 d5 2. c4 e6 3. d4 Nf6 4. Bg5 Be7 5. e3 h6 6. Bh4 O-O 7. Nc3 Ne4 8. Bxe7
Qxe7 9. Rc1 c6 10. Qc2 Nxc3 11. Qxc3 Nd7 12. Be2 dxc4 13. Qxc4 e5 14. O-O exd4
15. Nxd4 Nb6 16. Qb3 Re8 17. Rfd1 Be6 18. Nxe6 Qxe6 19. Qa3 Qe7 20. Qc3 Nd5 21.
Qd4 Qe5 22. b4 Qxd4 23. Rxd4 Nb6 24. Rcd1 Kf8 25. Bf3 Re7 26. h4 Ke8 27. Kf1 Rc7
28. g4 a5 29. a3 axb4 30. axb4 Rd7 31. b5 Rc8 32. bxc6 bxc6 33. Re4+ Kd8 34. Rb1
Nd5 35. Rc4 g5 36. Rbc1 Rdc7 37. Rc5 f6 38. Bxd5 cxd5 39. Rxd5+ Ke8 40. Rxc7
Rxc7 41. h5 Ke7 42. Ke2 Rc4 43. f3 Rc3 44. Kd2 Ra3 45. Rc5 Kf7 46. Rc7+ Kg8 47.
Rc3 Ra5 48. Rc8+ Kf7 49. Rc7+ Kg8 50. Rc6 Kf7 51. Kd3 Rd5+ 52. Ke2 Rd7 53. Rc4
Kg7 54. Rd4 Re7 55. Rd3 Ra7 56. Rb3 Rd7 57. Rd3 Ra7 58. Rd8 Ra3 59. Rd7+ Kg8 60.
Kd2 Ra5 61. Kd3 Ra4 62. Rb7 Ra5 63. Kd4 Re5 64. Rc7 Re6 65. Rd7 Re5 66. Rb7 Re6
67. Rb3 Re5 68. Rc3 Kf7 69. Rc7+ Kg8 70. e4 Ra5 71. Rc5 Ra3 72. Rc3 Ra5 73. Ke3
Kf7 74. Rb3 Kg7 75. f4 gxf4+ 76. Kxf4 Ra7 77. Rb5 Re7 78. Rd5 Kf7 79. Kf5 Kg7
80. Rc5 Kf7 81. g5 hxg5 82. h6 g4 83. Rc8 Re5+ 84. Kf4 Rh5 1/2-1/2

[Event "TCh-FRA Top 12 2017"]
[Site "Chartres FRA"]
[Date "2017.05.22"]
[Round "5.2"]
[Board "6"]
[White "Sharif, Mehrshad"]
[Black "Hamdouchi, Hicham"]
[Result "1/2-1/2"]
[WhiteTitle "IM"]
[BlackTitle "GM"]
[WhiteElo "2363"]
[BlackElo "2586"]
[WhiteTeam "C.E. STRASBOURG"]
[BlackTeam "CLICHY Echecs 92"]
[WhiteFideId "600121"]
[BlackFideId "9000011"]
[EventDate "2017.05.18"]

1. Nf3 Nf6 2. g3 c5 3. Bg2 Nc6 4. d4 cxd4 5. Nxd4 d5 6. O-O Qb6 7. Nxc6 bxc6 8.
c4 e6 9. Nc3 Be7 10. cxd5 cxd5 11. e4 O-O 12. exd5 Rd8 13. Qc2 Nxd5 14. Nxd5
exd5 15. Be3 Qa5 16. Bd4 Bg4 17. Qd3 Bf8 18. a3 Bh5 19. Rac1 Bg6 20. Qd1 Qb5 21.
Re1 a5 22. Qg4 Qa4 23. h4 Be4 24. Qd1 Qxd1 25. Rexd1 a4 26. Bb6 Rdb8 27. Bd4 Rd8
28. Bb6 Rdb8 29. Bd4 Rc8 30. Bh3 Rc4 31. Bf1 Rcc8 32. Bh3 f5 33. Bf1 g6 34. Bb5
Rxc1 35. Rxc1 Bg7 36. Bc6 Rb8 37. Rd1 Bxd4 38. Rxd4 Rxb2 39. Bxd5+ Bxd5 40. Rxd5
Rb3 41. Rd7 Rxa3 42. Ra7 f4 43. gxf4 Rh3 44. Kg2 Rxh4 45. Kg3 Rh5 46. Rxa4 Rf5
47. Ra7 Rf7 48. Ra5 Kg7 49. Kg4 Kf6 50. Ra6+ Kg7 51. Ra5 1/2-1/2

[Event "TCh-FRA Top 12 2017"]
[Site "Chartres FRA"]
[Date "2017.05.22"]
[Round "5.2"]
[Board "7"]
[White "Barbot, Pierre1"]
[Black "Vitoux, Colomban"]
[Result "1/2-1/2"]
[WhiteTitle "IM"]
[BlackTitle "IM"]
[WhiteElo "2456"]
[BlackElo "2382"]
[WhiteTeam "CLICHY Echecs 92"]
[BlackTeam "C.E. STRASBOURG"]
[WhiteFideId "663727"]
[BlackFideId "628549"]
[EventDate "2017.05.18"]

1. d4 d5 2. c4 c6 3. Nc3 Nf6 4. e3 Bf5 5. cxd5 cxd5 6. Qb3 Nc6 7. Qxb7 Bd7 8.
Qb3 Rb8 9. Qd1 e5 10. Nf3 Bd6 11. dxe5 Nxe5 12. Be2 Nxf3+ 13. Bxf3 Qc7 14. h3
O-O 15. O-O Rfd8 16. Ne2 Bh2+ 17. Kh1 Be5 18. Nd4 Qc8 19. b3 Bxh3 20. Ba3 Qd7
21. Rc1 Rbc8 22. Kg1 Bg4 23. Rxc8 Rxc8 24. Bxg4 Nxg4 25. Nf3 Bf6 26. Qb1 Qe6 27.
Bb2 h5 28. Bxf6 Nxf6 29. Rc1 Ne4 30. Nd4 Qd7 31. Rxc8+ Qxc8 32. Qc2 Qxc2 33.
Nxc2 Kf8 34. f3 Nc3 35. a3 Ke7 36. Kf1 Kd6 37. Ke1 Nb5 38. Ke2 g5 39. Kd3 h4 40.
b4 Nc7 41. Nd4 a6 42. a4 Ke5 43. Ne2 Kd6 44. Nd4 Ke5 45. f4+ gxf4 46. Nf3+ Kf5
47. Nxh4+ Kg4 48. Nf3 fxe3 49. Kxe3 Kg3 50. Ne1 Ne6 51. b5 axb5 52. axb5 f5 53.
b6 f4+ 54. Kd2 Nc5 55. Nd3 Nb7 56. Kc3 Kxg2 57. Nxf4+ Kf3 58. Nxd5 Ke4 59. Kc4
Ke5 60. Ne3 Kd6 61. Kb5 Nd8 62. Ka6 Ne6 63. Ka7 Nd8 64. Nc4+ Kc6 65. Ka6 Kd7 66.
Ne5+ Ke6 67. Nd3 Kd6 68. Nf4 Ke5 69. Ne2 Kd5 70. Nc3+ Kc6 71. Ne4 Kd5 72. Nd2
Kc6 73. Nb3 Kd5 74. Na5 Ne6 75. Ka7 Nd8 76. Ka6 Ne6 77. Nb3 Nd8 78. Nc1 Kc6 79.
Nd3 Kd6 80. Kb5 Kd7 81. Ka6 Kc6 82. Ne5+ Kd5 83. Nf7 Kc6 1/2-1/2

[Event "TCh-FRA Top 12 2017"]
[Site "Chartres FRA"]
[Date "2017.05.22"]
[Round "5.2"]
[Board "8"]
[White "Roos, Louis"]
[Black "Guichard, Pauline"]
[Result "1/2-1/2"]
[WhiteTitle "IM"]
[BlackTitle "WGM"]
[WhiteElo "2346"]
[BlackElo "2312"]
[WhiteTeam "C.E. STRASBOURG"]
[BlackTeam "CLICHY Echecs 92"]
[WhiteFideId "600288"]
[BlackFideId "639370"]
[EventDate "2017.05.18"]

1. c4 Nf6 2. Nf3 e6 3. b3 b6 4. Bb2 Bb7 5. e3 Be7 6. Be2 O-O 7. O-O c5 8. a3 Nc6
9. d3 d5 10. Nbd2 dxc4 11. bxc4 Qc7 12. Qc2 Rfd8 13. Rfd1 Ng4 14. h3 Nge5 15.
Ne1 Rd7 16. f4 Ng6 17. Nef3 Rad8 18. Ne4 Bf8 19. Qc3 Nce7 20. Ng3 Qc6 21. a4 Nf5
22. Nxf5 exf5 23. Qe1 Be7 24. Bf1 Bf6 25. Bxf6 Qxf6 26. Qf2 Re8 27. Re1 Rde7 28.
a5 Qd6 29. axb6 axb6 30. Rab1 Bxf3 31. Qxf3 Nxf4 32. Rbd1 g6 33. Kf2 Ne6 34. Ra1
f4 35. Qd5 fxe3+ 36. Rxe3 Qf4+ 37. Rf3 Qh4+ 38. g3 Qh6 39. Ra8 Qd2+ 40. Kg1 Rxa8
41. Qxa8+ Kg7 42. Qb8 Nd4 43. Rf2 Qe3 44. Kg2 Re5 45. Qxb6 Rf5 46. Rxf5 Nxf5 47.
Qb2+ Nd4 48. Qf2 Qxf2+ 49. Kxf2 Kf6 50. Bg2 Ke5 51. Bd5 f6 52. h4 Nf5 53. Be4
Nd6 54. Ke3 Nxe4 55. dxe4 h6 56. Kd3 g5 57. h5 f5 58. Ke3 g4 59. exf5 Kxf5 60.
Kd3 Ke5 61. Ke3 Kf5 62. Kd3 Ke5 1/2-1/2

[Event "TCh-FRA Top 12 2017"]
[Site "Chartres FRA"]
[Date "2017.05.22"]
[Round "5.3"]
[Board "7"]
[White "Shchekachev, Andrei"]
[Black "Apicella, Manuel"]
[Result "1/2-1/2"]
[WhiteTitle "GM"]
[BlackTitle "GM"]
[WhiteElo "2538"]
[BlackElo "2515"]
[WhiteTeam "TREMBLAY EN FRANCE"]
[BlackTeam "GRASSE Echecs"]
[WhiteFideId "4107730"]
[BlackFideId "600164"]
[EventDate "2017.05.18"]

1. Nf3 Nf6 2. c4 g6 3. Nc3 Bg7 4. e4 d6 5. d4 O-O 6. Be2 Nbd7 7. O-O e5 8. Be3
Re8 9. Qc2 c6 10. d5 c5 11. Ne1 h5 12. Rb1 Ng4 13. Bd2 Nf8 14. f3 Nh6 15. Qc1
Kh7 16. b4 b6 17. bxc5 bxc5 18. Nd3 f5 19. Bg5 Qc7 20. Nb5 Qd7 21. Bd1 a6 22.
Nc3 Qc7 23. Bd2 f4 24. Ba4 Bd7 25. Qb2 Reb8 26. Qc2 Nf7 27. Bxd7 Nxd7 28. Rxb8
Rxb8 29. Rb1 Rxb1+ 30. Nxb1 Qb7 31. Qb3 Nd8 32. Be1 Bf6 33. Nd2 Kg7 34. Qc2 Nf7
35. Nb3 Bd8 36. g3 fxg3 37. hxg3 Nf6 38. Kg2 Qd7 39. Nbxc5 dxc5 40. Nxc5 Qc8 41.
Ne6+ Kg8 42. c5 Nh7 43. Qa4 Nf6 44. Bf2 g5 45. c6 Ne8 46. Qb4 Ned6 47. Bc5 a5
48. Qb2 Be7 49. c7 Kh7 50. Qe2 Qb7 51. Qc2 Qa6 52. Bf2 Nc8 53. Qa4 Nfd6 54. Qd7
g4 55. Ng5+ Kg7 56. fxg4 Qe2 57. gxh5 Nxe4 58. Nxe4 Qxe4+ 59. Kh2 Qc2 60. Kg1
Qb1+ 61. Kh2 Qc2 62. Qg4+ Kh7 63. Kg2 Qxc7 64. Qg6+ Kh8 65. Qe8+ Kg7 66. Qg6+
Kh8 67. Qh6+ Kg8 68. Qe6+ Kh8 69. Qg6 Bf8 70. h6 1/2-1/2

[Event "TCh-FRA Top 12 2017"]
[Site "Chartres FRA"]
[Date "2017.05.22"]
[Round "5.4"]
[Board "5"]
[White "Relange, Eloi"]
[Black "Le Borgne, Pierre"]
[Result "1/2-1/2"]
[WhiteTitle "GM"]
[WhiteElo "2464"]
[BlackElo "2234"]
[WhiteTeam "Les Tours de Haute Picardie, SAINT QUENTIN"]
[BlackTeam "Club d' Echecs Lexovien, LISIEUX"]
[WhiteFideId "600822"]
[BlackFideId "624799"]
[EventDate "2017.05.18"]

1. d4 g6 2. c4 Bg7 3. Nf3 d6 4. g3 f5 5. Bg2 Nf6 6. O-O O-O 7. Nc3 c6 8. d5 e5
9. dxe6 Qe7 10. Bf4 Rd8 11. Ng5 Bxe6 12. Qb3 Rd7 13. Rad1 Ne8 14. Nd5 Bxd5 15.
cxd5 c5 16. Ne6 Na6 17. e4 fxe4 18. Rfe1 Nf6 19. Nxg7 Qxg7 20. Bxe4 g5 21. Bd2
Nxe4 22. Rxe4 Rf8 23. Qe3 Nc7 24. Bc3 Qg6 25. h4 Rdf7 26. Rd2 gxh4 27. Rxh4 h5
28. Qe4 Qxe4 29. Rxe4 Rf5 30. b3 Nxd5 1/2-1/2

[Event "TCh-FRA Top 12 2017"]
[Site "Chartres FRA"]
[Date "2017.05.22"]
[Round "5.5"]
[Board "2"]
[White "Stevic, Hrvoje"]
[Black "Brochet, Philippe"]
[Result "1/2-1/2"]
[WhiteTitle "GM"]
[BlackTitle "IM"]
[WhiteElo "2600"]
[BlackElo "2409"]
[WhiteTeam "NICE Alekhine"]
[BlackTeam "Echecs Club MONTPELLIER"]
[WhiteFideId "14502569"]
[BlackFideId "602469"]
[EventDate "2017.05.18"]

1. e4 e5 2. Nf3 Nf6 3. Nc3 Bb4 4. Nxe5 O-O 5. Nd3 Bxc3 6. dxc3 Nxe4 7. Qf3 d5 8.
Be3 Nd7 9. O-O-O c6 10. Qf4 Qf6 11. f3 Nd6 12. g4 Re8 13. Bd4 Qxf4+ 14. Nxf4 b6
15. c4 Nxc4 16. Bxc4 dxc4 17. Rhe1 Rxe1 18. Rxe1 c5 19. Re8+ Nf8 20. Bxg7 Bb7
21. Re7 Bxf3 22. Bc3 Bxg4 23. Nd5 Be6 24. Nc7 Rd8 25. Ne8 Nd7 26. Nc7 Kf8 27.
Rxe6 fxe6 28. Nxe6+ Ke7 29. Nxd8 Kxd8 30. Kd2 Ke7 31. Ke3 b5 32. Kf4 b4 33. Be1
a5 34. Kf5 a4 35. h4 Kd6 36. h5 b3 37. cxb3 axb3 38. axb3 cxb3 39. Kg5 Nb6 40.
Kh6 Ke6 41. Kxh7 Kf7 42. Bd2 Nd5 43. Kh6 c4 44. Bc1 Nb4 45. Kg5 Na2 46. Be3 c3
47. h6 cxb2 48. h7 b1=Q 49. h8=Q Qg6+ 50. Kf4 Nb4 51. Bd4 Nd5+ 52. Kf3 Nf6 53.
Qd8 Qd3+ 54. Kg2 Qe2+ 55. Kg3 Qe1+ 56. Kg2 Qd2+ 57. Kf3 Qd3+ 58. Kg2 Qg6+ 59.
Kf3 Qf5+ 60. Ke2 Nd5 61. Qh8 Nf4+ 62. Ke3 Nd5+ 63. Ke2 Qc2+ 64. Kf3 Qd3+ 65. Kf2
Qd2+ 66. Kf3 Qf4+ 67. Ke2 Qe4+ 68. Kf2 Nf4 69. Qg7+ Ke6 70. Qg8+ Kd7 71. Qf7+
Kd6 72. Qf8+ Kd5 73. Qc5+ Ke6 74. Qc4+ Nd5 75. Qe2 Qxe2+ 1/2-1/2

[Event "TCh-FRA Top 12 2017"]
[Site "Chartres FRA"]
[Date "2017.05.22"]
[Round "5.5"]
[Board "4"]
[White "Rambaldi, Francesco"]
[Black "Vidal, Llewellyn"]
[Result "1/2-1/2"]
[WhiteTitle "GM"]
[WhiteElo "2542"]
[BlackElo "2193"]
[WhiteTeam "NICE Alekhine"]
[BlackTeam "Echecs Club MONTPELLIER"]
[WhiteFideId "20657307"]
[BlackFideId "20661347"]
[EventDate "2017.05.18"]

1. e4 c6 2. Nf3 d5 3. Nc3 Bg4 4. h3 Bxf3 5. Qxf3 Nf6 6. Be2 e6 7. O-O Nbd7 8. d4
dxe4 9. Nxe4 Nxe4 10. Qxe4 Nf6 11. Qd3 Be7 12. c3 O-O 13. a4 a5 14. Qg3 Bd6 15.
Qf3 Nd5 16. Bd3 Qf6 17. Qxf6 Nxf6 18. Bd2 Rfd8 19. Rad1 Rd7 20. Bc2 Nd5 21. g3
g6 22. Kg2 Be7 23. Rfe1 h5 24. Bb3 Bf6 25. f4 Rb8 26. Bc1 b5 27. axb5 cxb5 28.
Bd2 a4 29. Bc2 Rc7 30. Bd3 a3 31. bxa3 Nxc3 32. Rc1 Rbc8 33. Rc2 Bxd4 34. Rec1
Rc5 35. Bxc3 Rxc3 36. Rxc3 Rxc3 37. Rxc3 Bxc3 38. Bxb5 e5 39. Kf3 f5 40. a4 e4+
41. Ke2 Kf7 42. g4 hxg4 43. hxg4 g5 44. gxf5 gxf4 45. Bc6 e3 46. Kf3 Kf6 47. Be4
Ba5 48. Bd3 Ke5 49. Kg4 Bd8 50. Be2 Ke4 51. Bf3+ Ke5 52. Bd1 Ba5 53. Be2 Bb6 54.
Bf3 Bd8 55. Be2 Bb6 56. Bf1 f3 57. Kxf3 Kxf5 58. Ke2 Ke4 59. Kd1 e2+ 1/2-1/2

[Event "TCh-FRA Top 12 2017"]
[Site "Chartres FRA"]
[Date "2017.05.22"]
[Round "5.5"]
[Board "8"]
[White "Bollengier, Andreea"]
[Black "Guerlin Dit De Guer, Clarisse"]
[Result "1-0"]
[WhiteTitle "WIM"]
[WhiteElo "2234"]
[BlackElo "1278"]
[WhiteTeam "NICE Alekhine"]
[BlackTeam "Echecs Club MONTPELLIER"]
[WhiteFideId "1203347"]
[BlackFideId "45149500"]
[EventDate "2017.05.18"]

1. d4 e6 2. c4 d5 3. Nc3 Nf6 4. Bg5 Nbd7 5. Nf3 Be7 6. e3 O-O 7. cxd5 exd5 8.
Bd3 b6 9. O-O Bb7 10. Rc1 c5 11. Bb1 a6 12. Ne5 Re8 13. f4 g6 14. f5 Rc8 15. Kh1
b5 16. a3 Ne4 17. Bxe7 Qxe7 18. fxg6 fxg6 19. Nxe4 dxe4 20. Rf7 Qxf7 21. Nxf7
Kxf7 22. dxc5 Nxc5 23. Ba2+ Kg7 24. Qd4+ Kh6 25. h4 Nd3 26. Rxc8 Rxc8 27. Qd7
Nc5 28. Qe7 Ba8 29. g4 Na4 30. g5+ Kh5 31. Qxh7+ Kg4 32. Be6+ Kf3 33. Bxc8 1-0